Business reaps benefits of weak property market (Record no. 73058)

MARC details
000 -LEADER
fixed length control field 01231cam a2200205 4500
001 - CONTROL NUMBER
control field WB3927-05
008 - FIXED-LENGTH DATA ELEMENTS--GENERAL INFORMATION
fixed length control field 030716n2003 000 0 eng u
035 ## - SYSTEM CONTROL NUMBER
System control number (Sirsi) u123023
245 ## - TITLE STATEMENT
Title Business reaps benefits of weak property market
260 ## - PUBLICATION, DISTRIBUTION, ETC.
Date of publication, distribution, etc. 2003
490 ## - SERIES STATEMENT
Series statement RICS Press Release
Volume/sequential designation (pr073) 15 July 2003 (2)
520 ## - SUMMARY, ETC.
Summary, etc. "RICS commercial market survey England and Wales" for the second quarter 2003 has been published, showing that the UK property market remains favourable to tenants, despite signs that the downward trend of the last three years for landlords may have reversed. Confidence is returning post September 11 and Iraq war. The London office market is improving as the performance of the stock market rallies. Copies of the market survey are available on http://www.rics.org/resources/economic_analysis/. http://www.rics.org/ricscms/bin/show?class=PressRelease&template=/includes/showpr.html&id=958
590 ## - LOCAL NOTE (RLIN)
Local note WB
650 ## - SUBJECT ADDED ENTRY--TOPICAL TERM
Topical term or geographic name entry element MARKET SURVEYS
650 ## - SUBJECT ADDED ENTRY--TOPICAL TERM
Topical term or geographic name entry element COMMERCIAL TENANTS
650 ## - SUBJECT ADDED ENTRY--TOPICAL TERM
Topical term or geographic name entry element PROPERTY-COMMERCIAL PROPERTY-OFFICE PROPERTY-OFFICE PROPERTY MARKET
650 ## - SUBJECT ADDED ENTRY--TOPICAL TERM
Topical term or geographic name entry element PROPERTY-COMMERCIAL PROPERTY-RETAIL PROPERTY-RETAIL PROPERTY MARKET
690 ## - LOCAL SUBJECT ADDED ENTRY--TOPICAL TERM (OCLC, RLIN)
Topical term or geographic name as entry element PROPERTY-COMMERCIAL PROPERTY
942 ## - ADDED ENTRY ELEMENTS (KOHA)
Suppress in OPAC 0
Holdings
Withdrawn status Lost status Source of classification or shelving scheme Damaged status Not for loan Home library Current library Shelving location Date acquired Total Checkouts Full call number Barcode Date last seen Copy number Price effective from Koha item type
    Dewey Decimal Classification     London London News article 16/07/2003   WB3927-05 123023-1001 06/08/2019 1 06/08/2019 News article